Phylogénie : Les Suinae - difficile - Statistiques

Statistiques générales
  • Ce quiz a été pris 4 fois
  • Le résultat moyen est 9 sur 22
Statistiques - réponses
Sous-famille Genre Nom scientifique Espèce % Correct
Suidae Sus Sus scrofa Sanglier
100%
Suidae Babyrousa Babyrousa celebensis Babiroussa des Célèbes
50%
Suidae Hylochoerus Hylochoerus meinertzhageni Hylochère
50%
Tayasuidae Pecari Pecari tajacu Pécari à collier
50%
Tayasuidae Tayassu Tayassu pecari Pécari à lèvres blanches
50%
Suidae Phacochoerus Phacochoerus africanus Phacochère commun
50%
Suidae Phacochoerus Phacochoerus aethiopicus Phacochère du désert
50%
Suidae Potamochoerus Potamochoerus larvatus Potamochère du Cap
50%
Suidae Potamochoerus Potamochoerus porcus Potamochère Roux
50%
Suidae Sus Sus barbatus Sanglier à barbe / Sanglier à moustace
50%
Suidae Sus Sus verrucosus Sanglier de Java
50%
Suidae Sus Sus oliveri Sanglier de Mindoro
50%
Suidae Sus Sus celebensis Sanglier des Célèbes
50%
Suidae Sus Sus cebifrons Sanglier des Visayas
50%
Suidae Porcula Porcula salvania Sanglier nain
50%
Suidae Babyrousa Babyrousa togeanensis Babiroussa de l'île Togian
25%
Suidae Babyrousa Babyrousa babyrussa Babiroussa poilu / Babiroussa doré
25%
Tayasuidae Catagonus Catagonus wagneri Pécari du Chaco
25%
Suidae Sus Sus philippensis Sanglier des Philippines
25%
Suidae Sus Sus bucculentus Sanglier du Vietnam
25%
Suidae Babyrousa Babyrousa bolabatuensis Bola batu
0%
Suidae Sus Sus ahoenobarbus Sanglier géant de Palawan
0%
Aucun quiz correspondant
Distribution des résultats
% des personnes avec chaque résultat
Percentile par nombre de réponses
Votre historique - résultats
Vous n’avez pas pris ce quiz